| 000 | 00440nam a2200169Ia 4500 | ||
|---|---|---|---|
| 003 | GCL | ||
| 008 | 140319s9999 xx 000 0 eng d | ||
| 040 |
_aGCL / _cGCL |
||
| 082 | 0 | 4 |
_aCC _b050.941 _bI A \\=aIFAOv |
| 245 | 1 | 0 | _aANNALES ISLAMOLOGIQUES: ANNUAL, TOME 24.1988 |
| 260 |
_a[S.N] : _bI.F.A.O ، _c1988 |
||
| 300 | _a439 PP | ||
| 650 | 0 | 4 | _aحوادث المرور |
| 650 | 0 | 4 | _aHISTORY |
| 650 | 0 | 4 | _aPERIODICALS |
| 942 |
_2ddc _cBK |
||
| 999 |
_c17809 _d17809 |
||